| 000 | 00464cam a2200181ua 4500 | ||
|---|---|---|---|
| 020 | _cRs 2.00 | ||
| 041 |
_aeng _h |
||
| 082 |
_a320.58G _bNIR/SE |
||
| 100 | _aNirmal Kumar , Bose . | ||
| 245 |
_aSelections from Gandhi / _cNirmal Kumar Bose. _hTextual Documents |
||
| 260 |
_aAhmadabad : _bNavajivan publishing house , _c1957. |
||
| 300 | _a320 ; . | ||
| 365 | _aRs 2.00 | ||
| 504 | _a | ||
| 650 | _aGandhiana | ||
| 942 | _cBK | ||
| 999 |
_c1057 _d1057 |
||